| 000 | 00788nam a2200217 a 4500 | ||
|---|---|---|---|
| 008 | 081022s1998 ||||||||||||||||| || u | ||
| 020 | _a0821342398 | ||
| 050 | _aIBRD(08)TP/410 | ||
| 100 | _aSayeg, Philip | ||
| 245 | 1 | 0 |
_aSuccessful conversion to unleaded gasoline in Thailand _cby Philip Sayeg |
| 260 |
_aWashington, D.C.: _bWorld Bank _c1998 |
||
| 300 | _axv, 58p.: ill. | ||
| 350 | _a0.00 | ||
| 490 | _aWORLD BANK TECHNICAL PAPER | ||
| 500 | _aTechnical Paper No. 410 | ||
| 650 | _aFUEL | ||
| 650 | _aGASOLINE--THAILAND--ANTI-KNOCK AND ANTI-KNOCK MIXTURES | ||
| 650 | _aTETRAETHYLLEAD | ||
| 710 | _aWorld Bank | ||
| 995 |
_D0.00 _FCBU-MAIN LIBRARY (Kitwe) _H1 _I0.00 _M410 _UAVAILABLE _WOct 22, 2008 _ZInternational Publications |
||
| 999 |
_c59051 _d59051 |
||